| 000 | 00551nam a22001937a 4500 | ||
|---|---|---|---|
| 005 | 20210414104222.0 | ||
| 008 | 210217s1973 ||||| |||| 00| 0 eng d | ||
| 040 |
_cDLC _aeng _deng |
||
| 041 | _aeng | ||
| 080 |
_a821.111 _bS-34 |
||
| 100 |
_9946 _aSchmitz.James h |
||
| 245 |
_aThe Lion Game _cSchmitz.James H _b/ by: Daw Books |
||
| 260 |
_aNew York _bDaw Books _c1973 |
||
| 300 |
_a157 p. _bill. |
||
| 365 | _b5.95 usd | ||
| 650 | 0 |
_9247 _aEnglish literature |
|
| 653 | _aინგლისური ლიტერატურა | ||
| 942 |
_2udc _cBK |
||
| 999 |
_c2114 _d2114 |
||